Planning of Production Plants

Analýza možností plánovania výrobných závodov. Dokument obsahuje štyri hlavné témy: výrobné závody, plánovanie výrobných závodov, systémy plánovania výrobných závodov a trendy vo vývoji plánovania výrobných závodov.

Uložené v:
Podrobná bibliografia
Hlavný autor: Malega, Peter
Médium: Kapitola
Jazyk:English
Predmet:
Tagy: Pridať tag
Žiadne tagy, Buďte prvý, kto otaguje tento záznam!

MARC

LEADER 00000nla a2200000 4500
001 0247532
005 20240417075145.2
041 0 |a eng 
044 |a RO 
245 1 0 |a Planning of Production Plants  |c Peter Malega 
520 |a Analýza možností plánovania výrobných závodov. Dokument obsahuje štyri hlavné témy: výrobné závody, plánovanie výrobných závodov, systémy plánovania výrobných závodov a trendy vo vývoji plánovania výrobných závodov. 
610 2 0 |a závody 
610 2 0 |a výroba 
610 2 0 |a plánovanie 
610 2 0 |a podnik 
100 1 |a Malega, Peter